00551nam a2200169Ia 4500003000900000008004100009040001600050080001700066100002200083245011700105260003900222300001000261500002600271650004100297650002100338650002200359IN-BaIIA211028s9999 xx 000 0 eng d cIIA Library a524.3-5bCHA aChandrasekhar, S. 3aAn introduction to the study of stellar structurecS. Chandrasekhar  aNew YorkbDover Publicationsc1957 a509p. aDonated by Mrs. Bappu aAstronomy and Astrophysics Thesaurus aStellar Interior aSteller Structure